| 000 -LEADER |
| fixed length control field |
00868nam a22002297a 4500 |
| 005 - DATE AND TIME OF LATEST TRANSACTION |
| control field |
20240522155306.0 |
| 008 - FIXED-LENGTH DATA ELEMENTS--GENERAL INFORMATION |
| fixed length control field |
240522s2002 enk||||| |||| 00| 0 eng d |
| 020 ## - INTERNATIONAL STANDARD BOOK NUMBER |
| International Standard Book Number |
9780443061509x |
| 041 ## - LANGUAGE CODE |
| Language code of text/sound track or separate title |
eng |
| 080 ## - UNIVERSAL DECIMAL CLASSIFICATION NUMBER |
| Universal Decimal Classification number |
618 B-29 |
| 245 ## - TITLE STATEMENT |
| Title |
Basic Science in Obstetrics and Gynaecology: |
| Remainder of title |
A Textbook for MRCOG Part 1 / |
| Statement of responsibility, etc. |
Edited by Geoffrey Chamberlain, Michael de Swiet, Phillip Bennett. |
| 250 ## - EDITION STATEMENT |
| Edition statement |
3rd Edition |
| 264 ## - PRODUCTION, PUBLICATION, DISTRIBUTION, MANUFACTURE, AND COPYRIGHT NOTICE |
| Place of production, publication, distribution, manufacture |
Edinburgh : |
| Name of producer, publisher, distributor, manufacturer |
Churchill Livingstone, |
| Date of production, publication, distribution, manufacture, or copyright notice |
2002. |
| 300 ## - PHYSICAL DESCRIPTION |
| Extent |
350 p.: |
| Other physical details |
ill.; |
| Dimensions |
25 cm. |
| 653 ## - INDEX TERM--UNCONTROLLED |
| keyword |
მეანობა |
| 653 ## - INDEX TERM--UNCONTROLLED |
| keyword |
გინეკოლოგია |
| 653 ## - INDEX TERM--UNCONTROLLED |
| keyword |
მედიცინა |
| 700 ## - ADDED ENTRY--PERSONAL NAME |
| Personal name |
Chamberlain, Geoffrey |
| Relator term |
რედაქტორი |
| 9 (RLIN) |
22147 |
| 700 ## - ADDED ENTRY--PERSONAL NAME |
| Personal name |
Swiet, Michael de |
| Relator term |
რედაქტორი |
| 9 (RLIN) |
22148 |
| 700 ## - ADDED ENTRY--PERSONAL NAME |
| Personal name |
Bennett, Phillip |
| Relator term |
რედაქტორი |
| 9 (RLIN) |
22149 |
| 942 ## - ADDED ENTRY ELEMENTS (KOHA) |
| Source of classification or shelving scheme |
|
| Koha item type |
წიგნი |